| 000 | 01016nam0a22003251 4500 | ||
|---|---|---|---|
| 001 | RU\INFOCOMM_322\NLR\5000156814 | ||
| 005 | 20250613105746.0 | ||
| 035 | _a(NLR Aleph) 009530546 | ||
| 090 |
_a8884814 _c8884814 |
||
| 100 | _a20130207d1992 |||y0rusy50 ca | ||
| 101 | 0 | _ager | |
| 102 | _aRU | ||
| 105 | _ay z ||||| | ||
| 200 | 1 |
_aAlbum _fOleg Lyapkusov, Andrey Kim |
|
| 210 |
_a[M.] _d[1992] |
||
| 215 |
_a[7] с., [20] л. цв. ил. _cцв. ил. _d21×24 см |
||
| 600 | 1 |
_aЛяпкусов _bО. _gОлег _2nlr_sh1 |
|
| 600 | 1 |
_aКим _bА. _f1959- _gАндрей _2nlr_sh1 |
|
| 620 | _aМосква | ||
| 686 |
_aЩ143(2Р=Рус)7-8 Ляпкусов _2rubbk |
||
| 686 |
_aКим _2rubbk |
||
| 700 | 1 |
_9z01790 _aLjapkusov _bO. _gOleg |
|
| 701 | 1 |
_9z02790 _aKim _bA. _gAndrej |
|
| 790 | 1 |
_9z01700 _aLyapkusov _bO. _gOleg _4070 |
|
| 790 | 1 |
_9z02701 _aKim _bA. _gAndrey _4070 |
|
| 801 | 1 |
_aRU _bInfocomm _c20130207 |
|
| 801 | 0 |
_aRU _bINFOCOMM _gPSBO |
|
| 852 |
_aNLR _jЭ АлИс590/2-л975 |
||
| 942 | _cBOOK | ||
| 980 | _aNB | ||